000 00395pab a2200157 454500
008 180718b2004 xxu||||| |||| 00| 0 eng d
100 _aImam, Muhammad Hasan
245 _aHealth care: practice and perception of future mothers
260 _c2004
300 _ap.23-34.
362 _aDec
650 _aMothers
650 _aHealth services
773 _aMan and Development
909 _a64128
999 _c64128
_d64128